01262cam a22003734i 4500003000900000005001700009008004100026035001900067035001900086040003300105082002100138100003600159245008200195264004500277300002800322336002100350337002500371338002300396505034600419526001000765526001000775526000900785526000900794526000900803526000900812526000900821526000900830526000900839526000800848526000800856526000800864526000800872526000800880PE-LiUPU20250731165530.0150623s r 000 0 d a(Sirsi) a29564 a(Sirsi) a29564 aPE-LiUPUbspacPE-LiUPUerda04a270.985bV322211 aVargas Ugarte, Rubén,eautor.10aHistoria de la iglesia en el Perú (1640-1699).n3 /cRubén Vargas Ugarte. 1aLima, Perú :bEditorial Burgos,c1960. a487 páginas ;c22 cm. atext2rdacontent aunmediated2rdamedia avolume2rdacarrier0 aLa vista de la idolatría. -Nuevos institutos religiosos. -Las diócesis sufragáneas. -La alternativa. -Las diócesis sufragáneas. -Devosiones populares. -Las misiones. -La inquisición. -Las diócesis sufragáneas. -Las doctrinas de los regulares. -Las diócesis sufragáneas. -Nuestros santos. -Acción cultural de la iglesia. aSEG44 aSEG26 aP151 aP150 aP149 aP146 aP145 aP126 aP125 aP92 aP75 aP74 aP27 aP15